00248nam a2200085Ia 4500082001800000100000800018245008300026260004100109546001200150 a639.8bKAU/CO aKAU aCompendium of fisheries and aquaculture development in the Asia Pacific region aPanangadbCollege of Fisheriesc2011 aEnglish